The Office Trivia #1 - Statistics

General Stats
  • This quiz has been taken 95,132 times
    73,146 since last reset
  • The average score is 16 of 20
Answer Stats
Hint Answer % Correct
What Dunder-Mifflin sells Paper
100%
What Dwight grows on his farm Beets
94%
City where the show takes place Scranton
94%
Committee that Angela rules with an iron fist {Party}-planning committee
92%
Possession of Dwight's that Jim puts inside a jello mold Stapler
92%
Dunder Mifflin equivalent of the Oscars The Dundies
89%
Phyllis's husband Bob Vance, Vance Refrigeration
88%
Andy's nickname for Jim Big {Tuna}
87%
The youngest V.P. in Dunder Mifflin history Ryan
82%
Where Jim and Pam get married Niagara Falls
81%
Surgery that Michael had performed (and reversed) multiple times Vasectomy
81%
College that Andy went to, and constantly reminds people about Cornell
78%
Who Michael moved to Colorado with Holly
78%
Pam's former fiance Roy
77%
Dwight's cousin Mose
74%
The children that Michael promised a free college education to Scott's {Tots}
74%
Name of the actor who plays Creed Bratton Creed Bratton
73%
Expensive gift in the Yankee swap game that far exceeded the $20 limit iPod
73%
Chain restaurant where the award ceremony for the above takes place Chili's
69%
Well-known actress who starred as Katy, who came into the office to sell purses and started dating Jim Amy Adams
45%
No matching quizzes found
Score Distribution
Percent of People with Each Score
Percentile by Number Answered
Your Score History
You have not taken this quiz since the last reset